[Event "2018 Aurora Fall Open - MASTER"]
[Site "Newmarket"]
[Date "2018.10.20"]
[Round "3.4"]
[White "Noritsyn, Sergey"]
[Black "Plotkin, Victor"]
[Result "0-1"]
[WhiteElo "2304"]
[BlackElo "2393"]
[PlyCount "130"]
[EventDate "2018.10.20"]

1. e4 e5 2. Nf3 Nf6 3. Nxe5 d6 4. Nf3 Nxe4 5. Nc3 Nxc3 6. dxc3 Be7 7. Bf4 Nc6
8. Bd3 Be6 9. Qe2 Qd7 10. O-O-O a6 11. a3 h6 12. c4 g5 13. Be3 Bf6 14. h4 g4
15. Nd2 O-O-O 16. c5 Nd4 17. Bxd4 Bxd4 18. Bxa6 Bxc5 19. Ne4 Bb6 20. Bb5 Qe7
21. Nc3 c6 22. Bd3 Qf6 23. Rdf1 d5 24. f4 Bd7 25. Na4 Bd4 26. Qd2 b5 27. Nc3
Kb7 28. Nd1 Rhe8 29. f5 h5 30. c3 Bb6 31. Qg5 Qh8 32. Re1 f6 33. Qf4 Qf8 34.
Ne3 Bc7 35. Qf2 Qd6 36. Nc2 Qf4+ 37. Qxf4 Bxf4+ 38. Kd1 Bg3 39. Rxe8 Rxe8 40.
Nd4 c5 41. Ne6 Bxe6 42. fxe6 Rxe6 43. Bxb5 f5 44. Bd7 Re5 45. Kc2 f4 46. Kd2 f3
47. gxf3 gxf3 48. Rf1 f2 49. b3 Bxh4 50. c4 dxc4 51. bxc4 Re1 52. Bh3 Kb6 53.
Kc2 Ka5 54. Kb2 Bf6+ 55. Kc2 Bd4 56. Kd2 Ka4 57. Bg2 Kxa3 58. Kc2 Kb4 59. Kd3
Re3+ 60. Kd2 Re1 61. Kd3 h4 62. Kd2 Kxc4 63. Kc2 Be3 64. Bh3 Kd4 65. Bg2 Ke5
0-1

[Event "2018 Aurora Fall Open - MASTER"]
[Site "Newmarket"]
[Date "2018.10.20"]
[Round "3.5"]
[White "Barron, Michael"]
[Black "Colvin, Andrew"]
[Result "1-0"]
[WhiteElo "2279"]
[BlackElo "2071"]
[PlyCount "103"]
[EventDate "2018.10.20"]

1. e4 e6 2. d4 d5 3. Nd2 c5 4. Ngf3 cxd4 5. exd5 Qxd5 6. Bc4 Qd6 7. O-O Nf6 8.
Nb3 Nc6 9. Nbxd4 Nxd4 10. Qxd4 Qxd4 11. Nxd4 Bd7 12. Bf4 Rc8 13. Bb3 Bc5 14.
Rad1 O-O 15. Rfe1 Rfd8 16. c3 Kf8 17. h3 Bxd4 18. Rxd4 Bc6 19. Red1 Ke8 20. Be5
Rxd4 21. Rxd4 Rd8 22. Bc2 h6 23. c4 Rxd4 24. Bxd4 a6 25. f3 Ke7 26. Kf2 g6 27.
b3 Nd7 28. a4 b5 29. cxb5 axb5 30. a5 Nb8 31. Bc5+ Kd7 32. Ke3 Na6 33. Kd4 h5
34. h4 Nc7 35. Bf8 Na6 36. Bd3 Ke8 37. Bc5 Nc7 38. Ke5 Kd7 39. Kf6 Ke8 40. Be4
Nd5+ 41. Ke5 Kd7 42. Bf8 Bb7 43. g4 Bc6 44. a6 f5 45. Bd3 hxg4 46. fxg4 fxg4
47. Bxg6 g3 48. Be4 Ke8 49. Bc5 Kd7 50. a7 Bb7 51. h5 Bc6 52. h6 1-0

[Event "2018 Aurora Fall Open - MASTER"]
[Site "Newmarket"]
[Date "2018.10.20"]
[Round "3.6"]
[White "Kang, Dorian"]
[Black "Lin, Benjamin"]
[Result "1/2-1/2"]
[WhiteElo "2168"]
[BlackElo "2045"]
[PlyCount "36"]
[EventDate "2018.10.20"]

1. c4 c6 2. Nc3 d5 3. d4 Nf6 4. cxd5 cxd5 5. Bf4 e6 6. e3 Bd6 7. Bxd6 Qxd6 8.
Nf3 O-O 9. Bd3 a6 10. O-O Nbd7 11. Rc1 e5 12. dxe5 Nxe5 13. Nxe5 Qxe5 14. h3 b5
15. Ne2 Qxb2 16. Rc2 Qe5 17. Nd4 Bd7 18. Qd2 Rfc8 1/2-1/2

[Event "2018 Aurora Fall Open - MASTER"]
[Site "Newmarket"]
[Date "2018.10.20"]
[Round "3.7"]
[White "Zhao, Jeffrey R."]
[Black "Berengolts, Isai"]
[Result "0-1"]
[WhiteElo "1995"]
[BlackElo "2122"]
[PlyCount "82"]
[EventDate "2018.10.20"]

1. e4 c5 2. Nf3 d6 3. d4 cxd4 4. Nxd4 Nf6 5. Nc3 Nc6 6. Be2 g6 7. Be3 Bg7 8.
Qd2 O-O 9. O-O-O Ng4 10. Bxg4 Bxg4 11. f3 Bd7 12. h4 Ne5 13. b3 Rc8 14. h5 Qa5
15. Kb2 Qb4 16. Nd5 Nc4+ 17. Ka1 Qxd2 18. Nxe7+ Kh8 19. Bxd2 Rce8 20. Nd5 Nb6
21. Bc3 Nxd5 22. exd5 Bf5 23. Kb2 Re3 24. Nb5 Rxc3 25. Nxc3 Rc8 26. g4 Bxc3+
27. Kb1 Bd7 28. hxg6 fxg6 29. Rh2 Re8 30. Rdh1 Re1+ 31. Rxe1 Bxe1 32. Re2 Bh4
33. Re4 Bf6 34. Rb4 b6 35. a4 h5 36. a5 b5 37. gxh5 gxh5 38. Kc1 h4 39. Re4 h3
40. f4 h2 41. Re1 Bd4 0-1

[Event "2018 Aurora Fall Open - MASTER"]
[Site "Newmarket"]
[Date "2018.10.20"]
[Round "3.9"]
[White "Zhao, Jeffrey Renfei"]
[Black "Rusonik, Max"]
[Result "1-0"]
[WhiteElo "2051"]
[BlackElo "2044"]
[PlyCount "55"]
[EventDate "2018.10.20"]

1. e4 e5 2. Nf3 Nc6 3. Bc4 Nf6 4. d3 Bc5 5. c3 a6 6. Bb3 Ba7 7. Nbd2 d6 8. O-O
h6 9. Re1 g5 10. Nf1 g4 11. N3d2 h5 12. Nc4 b5 13. Nce3 Ne7 14. a4 h4 15. Qe2
Ng6 16. Nf5 Ne7 17. Nh6 Rh7 18. Bg5 Kf8 19. axb5 axb5 20. Bxf6 Rxh6 21. Bxe7+
Qxe7 22. Rxa7 Rxa7 23. Qe3 Qf6 24. Qxa7 c5 25. Qb8 g3 26. Qxc8+ Kg7 27. fxg3
hxg3 28. Nxg3 1-0

[Event "2018 Aurora Fall Open - MASTER"]
[Site "Newmarket"]
[Date "2018.10.20"]
[Round "3.10"]
[White "Nazareno, Merlin"]
[Black "Chernik, Dmitry"]
[Result "1/2-1/2"]
[WhiteElo "2005"]
[BlackElo "2080"]
[PlyCount "80"]
[EventDate "2018.10.20"]

1. d4 Nf6 2. Bg5 d5 3. Nc3 h6 4. Bh4 c6 5. Qd2 Ne4 6. Nxe4 dxe4 7. e3 Nd7 8.
Bc4 Nf6 9. Ne2 g5 10. Bg3 Bg7 11. Bb3 a5 12. c3 a4 13. Bc2 Be6 14. Be5 Nh5 15.
Bxg7 Nxg7 16. Bxe4 O-O 17. Bd3 f5 18. c4 b5 19. c5 Bd5 20. f3 g4 21. e4 fxe4
22. fxe4 Bc4 23. Bxc4+ bxc4 24. Qxh6 a3 25. b4 cxb3 26. axb3 e5 27. Qd2 Qf6 28.
Qe3 a2 29. d5 cxd5 30. exd5 Nf5 31. Qe4 Nd4 32. Qxg4+ Kh8 33. Qh3+ Kg8 34. Qg3+
Kh8 35. Nxd4 exd4 36. Qh3+ Kg7 37. Qg4+ Kh8 38. Qh5+ Kg7 39. Qg4+ Kh8 40. Qh3+
Kg7 1/2-1/2

[Event "2018 Aurora Fall Open - MASTER"]
[Site "Newmarket"]
[Date "2018.10.21"]
[Round "4.2"]
[White "Migot, Tangi"]
[Black "Hua, Eugene"]
[Result "1/2-1/2"]
[WhiteElo "2380"]
[BlackElo "2420"]
[PlyCount "134"]
[EventDate "2018.10.20"]

1. e4 c5 2. Nf3 e6 3. Qe2 Nc6 4. c3 e5 5. Qe3 Nf6 6. Bb5 d6 7. O-O Be7 8. d4
cxd4 9. cxd4 exd4 10. Nxd4 Bd7 11. Nc3 O-O 12. h3 Nxd4 13. Qxd4 Bxb5 14. Nxb5
d5 15. exd5 Qxd5 16. Qa4 Qc6 17. Qb3 Qd5 18. Qa4 Qc6 19. Re1 Rfe8 20. Be3 a6
21. Nc3 Qxa4 22. Nxa4 Nd5 23. Rad1 Nxe3 24. Rxe3 Bf6 25. Rb3 b5 26. Nb6 Rad8
27. Nd5 Be5 28. Rbd3 Kf8 29. b3 g6 30. Kf1 a5 31. g3 f5 32. f4 Bb2 33. R1d2 Ba3
34. Nc7 Rxd3 35. Rxd3 Rc8 36. Rc3 Rb8 37. Ne6+ Ke7 38. Re3 Kd7 39. Ng5 Rc8 40.
Nxh7 Be7 41. Ng5 Rc1+ 42. Re1 Rc3 43. g4 fxg4 44. hxg4 Bxg5 45. fxg5 Rc5 46.
Kf2 Rxg5 47. Kf3 Rc5 48. Kf4 g5+ 49. Ke4 Rc2 50. a4 bxa4 51. bxa4 Rc5 52. Kd4
Kd6 53. Re8 Rd5+ 54. Ke4 Rc5 55. Ra8 Rc4+ 56. Kf5 Rxa4 57. Kxg5 Ra1 58. Kf6 Kc5
59. g5 Kb4 60. Rb8+ Kc3 61. g6 Rf1+ 62. Ke6 Rg1 63. Kf7 a4 64. g7 Rxg7+ 65.
Kxg7 a3 66. Ra8 Kb2 67. Rxa3 Kxa3 1/2-1/2

[Event "2018 Aurora Fall Open - MASTER"]
[Site "Newmarket"]
[Date "2018.10.21"]
[Round "4.4"]
[White "Brajkovic, Nikola"]
[Black "Barron, Michael"]
[Result "0-1"]
[WhiteElo "1960"]
[BlackElo "2279"]
[PlyCount "88"]
[EventDate "2018.10.20"]

1. e4 e5 2. Nf3 Nc6 3. d4 exd4 4. Nxd4 Bc5 5. Nxc6 Qf6 6. Qf3 Qxf3 7. gxf3 bxc6
8. Be3 Bxe3 9. fxe3 Rb8 10. b3 Ne7 11. Nc3 d5 12. Rd1 Be6 13. Bd3 O-O 14. Kf2
Rbd8 15. Ne2 f6 16. Rdg1 Bf7 17. Rd1 Rfe8 18. Rhe1 g5 19. Rg1 Bg6 20. exd5 cxd5
21. Nd4 Kf7 22. Bb5 Rf8 23. c4 c5 24. Ne2 Kg7 25. cxd5 Nxd5 26. e4 Nb4 27. Nc3
Rd4 28. Bc4 Rfd8 29. Nd5 Nc6 30. Rxd4 Nxd4 31. e5 fxe5 32. Rxg5 Rf8 33. f4 exf4
34. Ne7 Kf6 35. Nxg6 hxg6 36. Rxc5 Rh8 37. Kg2 g5 38. Bd3 Rd8 39. Be4 Re8 40.
Bf3 Re3 41. Bg4 Rd3 42. Ra5 Rd2+ 43. Kg1 f3 44. Rxa7 Rg2+ 0-1

[Event "2018 Aurora Fall Open - MASTER"]
[Site "Newmarket"]
[Date "2018.10.21"]
[Round "4.5"]
[White "Berengolts, Isai"]
[Black "Ning, Eric"]
[Result "0-1"]
[WhiteElo "2122"]
[BlackElo "1915"]
[PlyCount "128"]
[EventDate "2018.10.20"]

1. e4 c5 2. Nf3 Nc6 3. Bb5 g6 4. O-O Bg7 5. c3 e5 6. d3 Nge7 7. Be3 d6 8. d4
exd4 9. cxd4 Qb6 10. Na3 O-O 11. dxc5 dxc5 12. Qd6 Bxb2 13. Rab1 Bxa3 14. Bc4
Qd8 15. Qf6 Nf5 16. Qxd8 Nxd8 17. exf5 Bxf5 18. Rb3 Bb4 19. a3 Ba5 20. Bxc5 Re8
21. Bd5 Be6 22. Re3 a6 23. Rd1 Rc8 24. Bd4 Nc6 25. Bxc6 Rxc6 26. Ne5 Rcc8 27.
h4 h5 28. Nd3 Red8 29. Bf6 Rd5 30. Rb1 Bd8 31. Ba1 Rd7 32. Nf4 Rc6 33. g3 Bb6
34. Re2 Bc5 35. Rbe1 Bxa3 36. Nxe6 Rxe6 37. Rxe6 fxe6 38. Kg2 Re7 39. Be5 Bc5
40. Rd1 Kf7 41. Rd3 Ke8 42. Rf3 Rf7 43. Bf4 Rf5 44. Rc3 b6 45. f3 Rd5 46. g4
Kd7 47. Rc2 a5 48. Ra2 Kc6 49. Re2 Kd7 50. Ra2 Be7 51. Be3 Kc6 52. Kg3 Bc5 53.
Bf4 Bd6 54. Re2 Bxf4+ 55. Kxf4 Kd6 56. Rc2 Kd7 57. Ra2 Kd6 58. Rc2 a4 59. Rb2
b5 60. Ra2 Kc5 61. Re2 a3 62. Rxe6 b4 63. Rxg6 b3 64. gxh5 b2 0-1

[Event "2018 Aurora Fall Open - MASTER"]
[Site "Newmarket"]
[Date "2018.10.21"]
[Round "4.6"]
[White "Li, William"]
[Black "Kang, Dorian"]
[Result "1-0"]
[WhiteElo "2217"]
[BlackElo "2168"]
[PlyCount "73"]
[EventDate "2018.10.20"]

1. d4 Nf6 2. c4 g6 3. f3 Bg7 4. e4 d6 5. Nc3 O-O 6. Nge2 e5 7. d5 Nh5 8. Be3 f5
9. exf5 gxf5 10. Qd2 Nd7 11. O-O-O b6 12. g4 fxg4 13. fxg4 Nf4 14. Ng3 Qh4 15.
Nf5 Qd8 16. Ne2 Nf6 17. Nxg7 Kxg7 18. Nxf4 exf4 19. Bd4 Kg8 20. Bd3 Bd7 21.
Rhg1 c5 22. dxc6 Bxc6 23. g5 Ne4 24. Qc2 Qe7 25. g6 h6 26. g7 Rfe8 27. Rde1
Rac8 28. Rgf1 Qf7 29. Bxe4 Bxe4 30. Rxe4 Rxe4 31. Qxe4 d5 32. Qxf4 Rxc4+ 33.
Kb1 Qg6+ 34. Ka1 Kh7 35. g8=Q+ Qxg8 36. Qf5+ Qg6 37. Qd7+ 1-0

[Event "2018 Aurora Fall Open - MASTER"]
[Site "Newmarket"]
[Date "2018.10.21"]
[Round "4.7"]
[White "Zhang, Henry"]
[Black "Zhao, Jeffrey Renfei"]
[Result "1-0"]
[WhiteElo "2217"]
[BlackElo "2051"]
[PlyCount "82"]
[EventDate "2018.10.20"]

1. e4 e5 2. Nf3 Nc6 3. d4 exd4 4. Nxd4 Bc5 5. Nb3 Bb6 6. Nc3 d6 7. Qe2 Be6 8.
Be3 Nf6 9. O-O-O Qe7 10. g3 O-O 11. Bg2 Ne5 12. h3 Nc4 13. Bd4 Rfe8 14. f4 Na5
15. Kb1 Nxb3 16. axb3 Bd7 17. Rhe1 Bc6 18. Qd2 Rad8 19. g4 Nd7 20. Re2 Bxd4 21.
Qxd4 Qf6 22. Qf2 h6 23. h4 Qg6 24. Bf3 Qf6 25. Qg3 g5 26. hxg5 hxg5 27. fxg5
Qxg5 28. Rh1 Kg7 29. Rh5 Qg6 30. Qf4 Re5 31. Reh2 Rxh5 32. gxh5 Qf6 33. Qg3+
Kh7 34. Rg2 Ne5 35. Bg4 Nxg4 36. Qxg4 Re8 37. Rg1 Kh6 38. Qh3 Qe6 39. Qe3+ Kh7
40. Qg5 Qe5 41. Qg4 Qe6 1-0

[Event "2018 Aurora Fall Open - MASTER"]
[Site "Newmarket"]
[Date "2018.10.21"]
[Round "4.8"]
[White "Lin, Benjamin"]
[Black "Loadman, Ian"]
[Result "1-0"]
[WhiteElo "2045"]
[BlackElo "2102"]
[PlyCount "75"]
[EventDate "2018.10.20"]

1. d4 Nf6 2. c4 g6 3. f3 Bg7 4. e4 d6 5. Nc3 O-O 6. Be3 b6 7. Bd3 Bb7 8. Nge2
c5 9. d5 e6 10. Qd2 exd5 11. cxd5 Na6 12. O-O Nc7 13. Bh6 a6 14. Bxg7 Kxg7 15.
a4 Bc8 16. Nd1 Bd7 17. Ne3 b5 18. b3 Qe7 19. Bc2 h5 20. Nc3 Rfe8 21. Rae1 Qe5
22. Rd1 h4 23. f4 Qh5 24. f5 g5 25. Rde1 h3 26. Bd1 Qh4 27. g3 Qh6 28. Ng4 Nxg4
29. Bxg4 f6 30. e5 Rxe5 31. Rxe5 dxe5 32. d6 Ne8 33. Qd5 Rb8 34. axb5 axb5 35.
Qxc5 Rb7 36. Bf3 Rb8 37. Qa7 g4 38. Qxd7+ 1-0

[Event "2018 Aurora Fall Open - MASTER"]
[Site "Newmarket"]
[Date "2018.10.21"]
[Round "4.9"]
[White "Papneja, Arul"]
[Black "Noritsyn, Sergey"]
[Result "0-1"]
[WhiteElo "2038"]
[BlackElo "2304"]
[PlyCount "64"]
[EventDate "2018.10.20"]

1. d4 Nf6 2. Bf4 g6 3. Nc3 d6 4. e4 Bg7 5. Qd2 c6 6. Bh6 Bxh6 7. Qxh6 e5 8.
O-O-O Qe7 9. dxe5 dxe5 10. h3 Nbd7 11. Nf3 Nc5 12. Nd2 Be6 13. Bc4 O-O-O 14.
Bxe6+ Qxe6 15. Qe3 b6 16. Nb3 Nb7 17. Kb1 Nd6 18. a3 Rd7 19. Qe2 Rhd8 20. Nd2
Kb8 21. Kc1 Nh5 22. g3 f6 23. Kb1 Qg8 24. Na2 a5 25. Nc3 Ng7 26. Na4 Kc7 27.
Kc1 Ne6 28. Nb3 b5 29. Nac5 Nxc5 30. Nxc5 Qa2 31. Nxd7 Nc4 32. Qxc4 bxc4 0-1

[Event "2018 Aurora Fall Open - MASTER"]
[Site "Newmarket"]
[Date "2018.10.21"]
[Round "4.10"]
[White "Colvin, Andrew"]
[Black "Zhao, Jeffrey R."]
[Result "1-0"]
[WhiteElo "2071"]
[BlackElo "1995"]
[PlyCount "73"]
[EventDate "2018.10.20"]

1. d4 Nf6 2. c4 g6 3. Nc3 Bg7 4. e4 d6 5. Nf3 O-O 6. Be2 e5 7. O-O Nc6 8. d5
Ne7 9. Ne1 Nd7 10. f3 f5 11. Be3 f4 12. Bf2 g5 13. Nd3 Ng6 14. c5 Nf6 15. a4
Rf7 16. cxd6 cxd6 17. Nb5 g4 18. Rc1 g3 19. hxg3 Nh5 20. Qe1 fxg3 21. Bxg3 Bh6
22. Rc2 Qg5 23. Bf2 Bh3 24. g4 Raf8 25. Nxd6 Rxf3 26. Bxf3 Rxf3 27. Rc8+ Bf8
28. Kh2 Bxf1 29. Qxf1 Nhf4 30. Nxf4 Nxf4 31. Nf5 Kf7 32. Rxf8+ Kxf8 33. Bc5+
Ke8 34. Qxf3 Qg8 35. Qb3 Qxg4 36. Qb5+ Kd8 37. Be7+ 1-0

[Event "2018 Aurora Fall Open - MASTER"]
[Site "Newmarket"]
[Date "2018.10.21"]
[Round "4.11"]
[White "Chernik, Dmitry"]
[Black "Qiao, Cindy"]
[Result "0-1"]
[WhiteElo "2080"]
[BlackElo "1978"]
[PlyCount "72"]
[EventDate "2018.10.20"]

1. e4 c5 2. Nc3 Nc6 3. f4 g6 4. Nf3 Bg7 5. Bb5 Nd4 6. O-O Nxb5 7. Nxb5 d5 8.
exd5 a6 9. Nc3 Nf6 10. d4 c4 11. Qe2 b5 12. Re1 O-O 13. Qxe7 Qxe7 14. Rxe7 b4
15. Na4 Nxd5 16. Re2 Bd7 17. Nc5 Bg4 18. Re4 Bxf3 19. gxf3 f5 20. Re5 Bxe5 21.
fxe5 f4 22. Bd2 c3 23. bxc3 bxc3 24. Be1 h6 25. h4 Rfb8 26. a4 Rb4 27. Nb3 Rc8
28. Bf2 Rxb3 29. cxb3 c2 30. Rc1 Nb4 31. Be1 Nd3 32. Bd2 Nxc1 33. Bxc1 g5 34.
hxg5 hxg5 35. Kf2 Rd8 36. Bb2 Rxd4 0-1

[Event "2018 Aurora Fall Open - MASTER"]
[Site "Newmarket"]
[Date "2018.10.21"]
[Round "4.12"]
[White "Profit, Brian"]
[Black "Nazareno, Merlin"]
[Result "1/2-1/2"]
[WhiteElo "2022"]
[BlackElo "2005"]
[PlyCount "109"]
[EventDate "2018.10.20"]

1. d4 d5 2. Bg5 f6 3. Bf4 Nc6 4. Nf3 Bg4 5. c3 Qd7 6. Nbd2 g5 7. Bg3 h5 8. h4
Bxf3 9. exf3 g4 10. Bb5 a6 11. Bxc6 bxc6 12. fxg4 hxg4 13. Qc2 Nh6 14. Bf4 Nf7
15. O-O-O Bh6 16. Bxh6 Rxh6 17. Nb3 Nd6 18. Nc5 Qf5 19. Qxf5 Nxf5 20. g3 Nd6
21. Rhe1 Kf7 22. Re2 f5 23. Nd3 Ne4 24. Ne5+ Ke8 25. Rg1 c5 26. f3 gxf3 27.
Nxf3 cxd4 28. Nxd4 e6 29. g4 fxg4 30. Rxg4 Kd7 31. Nf3 Rf8 32. Ng5 Nxg5 33.
hxg5 Rg6 34. Kc2 Rf5 35. Ra4 Rfxg5 36. Rxa6 Rg2 37. Raxe6 Rxe2+ 38. Rxe2 c5 39.
b4 Kc6 40. a4 d4 41. b5+ Kb6 42. cxd4 cxd4 43. Re4 Kc5 44. Kb3 Rg3+ 45. Kb2
Rg2+ 46. Kb3 Rg3+ 47. Kb2 Kc4 48. b6 Rb3+ 49. Kc2 Rxb6 50. a5 Rc6 51. Re5 Rf6
52. Re8 Rf2+ 53. Kd1 Rg2 54. Rc8+ Kb5 55. Rd8 1/2-1/2

[Event "2018 Aurora Fall Open - MASTER"]
[Site "Newmarket"]
[Date "2018.10.21"]
[Round "5.2"]
[White "Ning, Eric"]
[Black "Migot, Tangi"]
[Result "0-1"]
[WhiteElo "1915"]
[BlackElo "2380"]
[PlyCount "68"]
[EventDate "2018.10.20"]

1. d4 Nf6 2. c4 d6 3. Nf3 Nbd7 4. Nc3 e5 5. g3 g6 6. Bg2 Bg7 7. O-O O-O 8. e3
Re8 9. b3 c6 10. Bb2 e4 11. Nd2 d5 12. cxd5 cxd5 13. Qe2 Nf8 14. Rfc1 Ne6 15.
Ba3 a6 16. Na4 h5 17. Nf1 h4 18. Nc5 Ng5 19. gxh4 Bg4 20. Qc2 Nf3+ 21. Kh1 Rc8
22. h3 b6 23. Nh2 Nxh2 24. Kxh2 Bf5 25. Qe2 bxc5 26. Bxc5 Nd7 27. Bd6 Qxh4 28.
Bg3 Qf6 29. Rc2 Rxc2 30. Qxc2 Bf8 31. Qc7 Ba3 32. Qa5 Bd6 33. Rc1 Bxg3+ 34.
fxg3 Qd6 0-1

[Event "2018 Aurora Fall Open - MASTER"]
[Site "Newmarket"]
[Date "2018.10.21"]
[Round "5.3"]
[White "Dehmelt, Karl"]
[Black "Li, William"]
[Result "1/2-1/2"]
[WhiteElo "2239"]
[BlackElo "2217"]
[PlyCount "65"]
[EventDate "2018.10.20"]

1. e4 c5 2. Nf3 d6 3. Bb5+ Nd7 4. O-O Ngf6 5. Re1 a6 6. Bf1 g6 7. c3 Bg7 8. d4
e5 9. dxe5 dxe5 10. a4 O-O 11. Nbd2 Qc7 12. Nc4 Rd8 13. Qd6 Qxd6 14. Nxd6 Ne8
15. Bg5 f6 16. Bc4+ Kf8 17. Nxe8 Kxe8 18. Be3 b6 19. a5 b5 20. Bd5 Rb8 21. Red1
Bf8 22. Nd2 Bb7 23. c4 Bxd5 24. exd5 b4 25. b3 f5 26. f3 Nf6 27. Bg5 Kf7 28.
Nf1 h6 29. Bxf6 Kxf6 30. Kf2 Bd6 31. Ra2 Re8 32. Re2 Re7 33. Ng3 1/2-1/2

[Event "2018 Aurora Fall Open - MASTER"]
[Site "Newmarket"]
[Date "2018.10.21"]
[Round "5.4"]
[White "Barron, Michael"]
[Black "Plotkin, Victor"]
[Result "1/2-1/2"]
[WhiteElo "2279"]
[BlackElo "2393"]
[PlyCount "120"]
[EventDate "2018.10.20"]

1. e4 e5 2. Nf3 Nf6 3. Nxe5 d6 4. Nf3 Nxe4 5. Nc3 Nxc3 6. dxc3 Be7 7. Bf4 Nc6
8. Bd3 Be6 9. Qe2 Qd7 10. O-O-O a6 11. Rhe1 h6 12. a3 g5 13. Bg3 Kd8 14. Bc4
Bxc4 15. Qxc4 Bf6 16. h4 Kc8 17. Qd5 Rg8 18. hxg5 hxg5 19. Rh1 Qe6 20. Rh6 Qxd5
21. Rxd5 Ne7 22. Rd1 Rg6 23. Rh7 Bg7 24. Nd4 Kd7 25. f3 Rh8 26. Rdh1 Rxh7 27.
Rxh7 c5 28. Ne2 Nf5 29. Bf2 g4 30. Kd2 Ke7 31. Rh5 Bh6+ 32. f4 Ke6 33. c4 Bg7
34. b3 Bf6 35. Ng3 Nxg3 36. Bxg3 Rg8 37. Rd5 Be7 38. f5+ Kd7 39. Ke3 b5 40. f6
Bf8 41. cxb5 axb5 42. Bf4 Rg6 43. Bg5 Ke6 44. Ke4 Bh6 45. Bxh6 Rxh6 46. Rg5
Rxf6 47. Rxg4 Rf1 48. Ke3 f5 49. Rg8 Re1+ 50. Kd3 Ra1 51. Ra8 Rg1 52. Rg8 Ra1
53. Ra8 Rg1 54. Rg8 d5 55. Kc3 d4+ 56. Kb2 Kd5 57. Rd8+ Ke4 58. Re8+ Kd5 59.
Rd8+ Ke4 60. Re8+ Kd5 1/2-1/2

[Event "2018 Aurora Fall Open - MASTER"]
[Site "Newmarket"]
[Date "2018.10.21"]
[Round "5.6"]
[White "Munro, Allan"]
[Black "Zhang, Henry"]
[Result "1/2-1/2"]
[WhiteElo "2249"]
[BlackElo "2217"]
[PlyCount "66"]
[EventDate "2018.10.20"]

1. e4 c5 2. Nf3 e6 3. g3 Nc6 4. Bg2 d6 5. O-O e5 6. c3 c4 7. d4 cxd3 8. Qxd3
Nf6 9. c4 Be7 10. Nc3 O-O 11. Bg5 Bg4 12. Ne1 Nd4 13. Nc2 Nxc2 14. Qxc2 Be6 15.
b3 Ne8 16. Be3 Nf6 17. h3 Nd7 18. Rad1 a6 19. a4 Rc8 20. Rd2 Qa5 21. Kh2 f6 22.
h4 Rc6 23. Bh3 Bxh3 24. Kxh3 Rb8 25. Nd5 Bf8 26. b4 Qd8 27. Qb3 Kh8 28. a5 Qc8
29. Kg2 Rxc4 30. f3 Rc6 31. Rff2 Qe8 32. Rc2 Rbc8 33. Qd3 Qf7 1/2-1/2

[Event "2018 Aurora Fall Open - MASTER"]
[Site "Newmarket"]
[Date "2018.10.21"]
[Round "5.7"]
[White "Noritsyn, Sergey"]
[Black "Colvin, Andrew"]
[Result "1-0"]
[WhiteElo "2304"]
[BlackElo "2071"]
[PlyCount "74"]
[EventDate "2018.10.20"]

1. e4 e6 2. d4 d5 3. Nc3 Nf6 4. Bg5 Bb4 5. e5 h6 6. exf6 hxg5 7. fxg7 Rg8 8. h4
gxh4 9. Nf3 Qf6 10. Rxh4 Qxg7 11. Qd2 Nc6 12. a3 Be7 13. Rh2 Bd7 14. Nb5 O-O-O
15. Qf4 Bd6 16. Nxd6+ cxd6 17. O-O-O e5 18. Qh6 Qxh6+ 19. Rxh6 Be6 20. g3 Rh8
21. Rf6 Kd7 22. dxe5 dxe5 23. Ng5 Ke7 24. Rf3 f6 25. Nxe6 Kxe6 26. Rb3 b6 27.
Rc3 Nd4 28. Rc7 Rc8 29. Bh3+ f5 30. Rxc8 Rxc8 31. c3 Nb3+ 32. Kc2 Nc5 33. g4 e4
34. gxf5+ Ke5 35. f4+ exf3 36. Rf1 Kf4 37. Bg2 Kxf5 1-0

[Event "2018 Aurora Fall Open - MASTER"]
[Site "Newmarket"]
[Date "2018.10.21"]
[Round "5.9"]
[White "Qiao, Cindy"]
[Black "Kang, Dorian"]
[Result "1-0"]
[WhiteElo "1978"]
[BlackElo "2168"]
[PlyCount "65"]
[EventDate "2018.10.20"]

1. e4 c5 2. Nf3 d6 3. d4 cxd4 4. Qxd4 a6 5. h3 Nc6 6. Qe3 g6 7. c4 Bd7 8. Nc3
Bh6 9. Qe2 Bg7 10. Bd2 Nf6 11. Qd1 O-O 12. Be2 Be6 13. Rc1 Nd7 14. O-O Nde5 15.
Qc2 f5 16. Ng5 Nd4 17. Qd1 f4 18. b4 Nd7 19. Nxe6 Nxe6 20. Nd5 g5 21. Bg4 Nc7
22. Bxd7 Qxd7 23. Nb6 Qc6 24. Nxa8 Rxa8 25. Re1 Qb6 26. Qg4 h6 27. h4 Rf8 28.
hxg5 hxg5 29. Qxg5 f3 30. Qxe7 fxg2 31. Be3 Bd4 32. Qg5+ Kh7 33. Kxg2 1-0

[Event "2018 Aurora Fall Open - MASTER"]
[Site "Newmarket"]
[Date "2018.10.21"]
[Round "5.10"]
[White "Loadman, Ian"]
[Black "Zhao, Jeffrey Renfei"]
[Result "0-1"]
[WhiteElo "2102"]
[BlackElo "2051"]
[PlyCount "104"]
[EventDate "2018.10.20"]

1. e4 e5 2. Nf3 Nc6 3. Nc3 Nf6 4. Bb5 a6 5. Bxc6 dxc6 6. Nxe5 Bd6 7. Nf3 O-O 8.
d3 Re8 9. Bg5 Be6 10. Qd2 Be7 11. h3 c5 12. O-O h6 13. Bf4 Kh7 14. Rfe1 Nh5 15.
Bh2 Nf6 16. Rad1 b5 17. e5 Nd5 18. Ne4 Qd7 19. c4 Nb6 20. b3 Rad8 21. Qe2 Qc6
22. Bf4 Rd7 23. Ng3 Red8 24. Bc1 Nc8 25. Bb2 Nb6 26. Bc3 g6 27. Bb2 a5 28. Bc1
bxc4 29. dxc4 Rxd1 30. Rxd1 Rxd1+ 31. Qxd1 Bf8 32. Bb2 Bg7 33. Qd3 Nd7 34. Qe4
Qb6 35. Nd2 a4 36. f4 axb3 37. axb3 Qb4 38. Qd3 f5 39. Kh2 Bf8 40. Bc3 Qa3 41.
Qc2 Be7 42. Nf3 Nb8 43. h4 Nc6 44. h5 Nb4 45. hxg6+ Kxg6 46. Qb1 h5 47. Nh1
Bxc4 48. Qe1 Qxb3 49. e6 Bxe6 50. Ne5+ Kh7 51. Qg3 Bf7 52. Bxb4 cxb4 0-1

[Event "2018 Aurora Fall Open - MASTER"]
[Site "Newmarket"]
[Date "2018.10.21"]
[Round "5.11"]
[White "Rusonik, Max"]
[Black "Papneja, Arul"]
[Result "1-0"]
[WhiteElo "2044"]
[BlackElo "2038"]
[PlyCount "77"]
[EventDate "2018.10.20"]

1. e4 c5 2. Nf3 d6 3. d4 cxd4 4. Nxd4 Nf6 5. f3 e5 6. Nb3 d5 7. Bg5 d4 8. c3
Nc6 9. Bb5 Bd7 10. cxd4 Nxd4 11. Nxd4 exd4 12. Qxd4 Bxb5 13. Qe5+ Be7 14. Qxb5+
Nd7 15. Bxe7 Qxe7 16. Nc3 O-O 17. O-O Qc5+ 18. Qxc5 Nxc5 19. Rfd1 Rad8 20. Rxd8
Rxd8 21. Rd1 Rxd1+ 22. Nxd1 Nd3 23. Kf1 f6 24. a3 Kf7 25. Ke2 Nf4+ 26. Kf2 Ke6
27. g3 Nd3+ 28. Ke3 Ne5 29. b3 a5 30. Nb2 Kd6 31. Nc4+ Nxc4+ 32. bxc4 Kc5 33.
Kd3 b6 34. f4 g6 35. g4 h6 36. e5 f5 37. gxf5 gxf5 38. a4 h5 39. Kc3 1-0

[Event "2018 Aurora Fall Open - MASTER"]
[Site "Newmarket"]
[Date "2018.10.21"]
[Round "5.12"]
[White "Nazareno, Merlin"]
[Black "Zhao, Jeffrey R."]
[Result "1-0"]
[WhiteElo "2005"]
[BlackElo "1995"]
[PlyCount "75"]
[EventDate "2018.10.20"]

1. d4 Nf6 2. Bg5 d5 3. Nc3 Bf5 4. f3 c5 5. e3 Nc6 6. Bb5 a6 7. Bxc6+ bxc6 8.
Nge2 Rb8 9. Rb1 h6 10. Bh4 Bh7 11. O-O e6 12. Kh1 Be7 13. Na4 cxd4 14. exd4 Qa5
15. b3 O-O 16. Rc1 Ba3 17. Bxf6 Bxc1 18. Qxc1 gxf6 19. Qxh6 Qd8 20. Nf4 Kh8 21.
Nh5 Rg8 22. Nxf6 Rg7 23. f4 Qa5 24. c3 Qb5 25. Rg1 Qe2 26. Nc5 Qc2 27. Ncd7 Rd8
28. Ne5 Rc8 29. Nh5 Rcg8 30. Qf6 Bg6 31. Nxg7 Rxg7 32. Nxg6+ fxg6 33. Qxe6 Qxc3
34. Re1 Qxd4 35. Qh3+ Rh7 36. Qc8+ Kg7 37. Re7+ Kh6 38. Qh3# 1-0